000 01133nam0a22003251 4500
001 RU\NLR\INFOCOMM_195\5000054449
005 20250613093601.0
035 _a(NLR Aleph) 009210345
090 _a8744743
_c8744743
100 _a20100515d1977 |||y0rusy50 ca
101 0 _aeng
_drus
102 _aRU
105 _aa ||||000|y
200 1 _aComment on the s wave in π⁴ He scattering
_fI. V. Falomkin, F. Nichitin, G. Piragino, Yu. A. Shcherbakov
210 _aДубна
_d1977
215 _a7 с.
_cил.
_d22 см
225 1 _aСообщения Объединенного института ядерных исследований
_vД1-10914
300 _aРез. на рус. яз.
320 _aБиблиогр.: с. 7
606 _aПионы (физ.)
_xРассеяние на ядрах гелия
_2nlr_sh1
686 _aВ382.32
_2rubbk
701 1 _aFalomkin
_bI. V.
_gIgor Vasil'evič
_4070
701 1 _aNichitin
_bF.
_4070
701 1 _aPiragino
_bG.
_4070
701 1 _aShcherbakov
_bYu. A.
_4070
801 1 _aRU
_bNLR
_c20100515
801 0 _aRU
_bNLR
_gPSBO
852 _aNLR
_jП11/2061
942 _cBOOK
980 _aNB